الكوكب الوضاء فى الطيران والفضاء / (Record no. 60980)
[ view plain ]
| 000 -الفاتح | |
|---|---|
| حقل البيانات ثابتة الطول | 01183nam a22002657a 4500 |
| 005 - وقت وتاريخ اخر تعامل مع التسجيلة | |
| رقم الضبط | 20240530110437.0 |
| 008 - عناصر البيانات ثابتة الطول - معلومات عامة | |
| حقل البيانات ثابتة الطول | 150329s2011 su od g bd 000 0 ara d |
| 017 ## - رقم الايداع القانونى | |
| رقم الايداع القانونى | 1431/9864 |
| المصدر ( الهيئة المختصة) | السعودية . مكتبة الملك فهد |
| 020 ## - الرقم الدولى المعيارى للكتب | |
| الرقم الدولى المعيارى للكتاب | 9786035031004 |
| 040 ## - مصدر الفهرسة | |
| وكالة الفهرسة الأصلية | EG-CaGPL |
| 082 04 - رقم تصنيف ديوى العشرى | |
| رقم الطبعة | 21 |
| رقم التصنيف | 629.103\ |
| رقم المادة | أ ك |
| 100 0# - المدخل الرئيسى - إسم شخصى | |
| الترقيم | احمد بن ظافر القرنى |
| 245 12 - بيان العنوان | |
| العنوان | الكوكب الوضاء فى الطيران والفضاء / |
| بيان المسئوليه,etc | احمد بن ظافر القرنى ، وائل جمال الدين عبدالرحمن ؛ تقديم سلطان بن عبدالعزيز ال سعود |
| 250 ## - بيان الطبعة | |
| بيان الطبعة | ط1 |
| 260 ## - PUBLICATION, DISTRIBUTION, ETC. (IMPRINT) | |
| تاريخ النشر أو التوزيع | 2011 |
| 300 ## - الوصف المادى | |
| التعداد | 339 ص : |
| تفاصيل ماديه اخرى للوعاء | ايض ؛ |
| أبعاد الوعاء | 24 سم + |
| المادة المصاحبة | ملاحق |
| 504 ## - تبصرة ببليوجرافية | |
| تبصرة ببليوجرافية,الخ | يشتمل على ارجاعات ببليوجرافية |
| 650 04 - المدخل الاضافى بالموضوع-مصطلح موضوعى | |
| مصطلح موضوعي | الطيران |
| التقسيم الفرعي الشكلي | مصطلحات |
| 650 04 - المدخل الاضافى بالموضوع-مصطلح موضوعى | |
| مصطلح موضوعي | الطيران |
| التقسيم الفرعي العام | اجهزة |
| 650 04 - المدخل الاضافى بالموضوع-مصطلح موضوعى | |
| مصطلح موضوعي | الطيران |
| التقسيم الفرعي العام | اختصارات |
| 700 0# - المدخل الاضافى - اسم شخصى | |
| الإسم الشخصى | وائل جمال الدين عبدالرحمن |
| الدور | مؤلف مشارك |
| 700 0# - المدخل الاضافى - اسم شخصى | |
| الإسم الشخصى | سلطان بن عبدالعزيز ال سعود |
| الدور | مقدم |
| 942 ## - عناصر المدخل الإضافي( كوها) | |
| مصدر التصنيف او مخطط الترفيف | Dewey Decimal Classification |
| Koha [default] item type | كتاب |
| 260 ## - PUBLICATION, DISTRIBUTION, ETC. (IMPRINT) | |
| -- | الرياض : |
| -- | مكتبة العبيكان ، |
| حالة التراجع | حالة الفقد | حالة تلف | ليس للاعارة | المكان المؤقت | الموقع الحالى | تاريخ الاكتساب | اجمالي اﻻعارات | رقم الطلب | الباركود | تاريخ اخر مشاهدة | تاريخ تفعيل السعر | نوع وعاء كوها |
|---|---|---|---|---|---|---|---|---|---|---|---|---|
| مكتبة القاهرة الكبرى | مكتبة القاهرة الكبرى | 04/14/2015 | 629.103\ أ ك | 160176 | 04/14/2015 | 04/14/2015 | كتاب |

